The Indian national movement and women's issue: century of social reforms: 1850-1950 (Record no. 46675)

000 -LEADER
fixed length control field 00420pab a2200145 454500
008 - FIXED-LENGTH DATA ELEMENTS--GENERAL INFORMATION
fixed length control field 180718b1998 xxu||||| |||| 00| 0 eng d
100 ## - MAIN ENTRY--PERSONAL NAME
Personal name Mishra, Yuthika
245 ## - TITLE STATEMENT
Title The Indian national movement and women's issue: century of social reforms: 1850-1950
260 ## - PUBLICATION, DISTRIBUTION, ETC.
Date of publication, distribution, etc. 1998
300 ## - PHYSICAL DESCRIPTION
Extent p.47-62
362 ## - DATES OF PUBLICATION AND/OR SEQUENTIAL DESIGNATION
Dates of publication and/or sequential designation Dec
650 ## - SUBJECT ADDED ENTRY--TOPICAL TERM
Topical term or geographic name entry element Womens liberation movement
773 ## - HOST ITEM ENTRY
Main entry heading Trends in Social Science Research
909 ## -
-- 46675
Holdings
Withdrawn status Lost status Damaged status Not for loan Permanent Location Current Location Date acquired Serial Enumeration / chronology Barcode Date last seen Price effective from Koha item type
        Indian Institute of Public Administration Indian Institute of Public Administration 2018-07-19 Volume no: 5, Issue no: 2 AR47103 2018-07-19 2018-07-19 Articles

Powered by Koha